Score 0/20 Timer 02:00
1 Play Today
Cereal Missing Word % Correct
Cap'n ______Crunch
96.1%
Lucky ______Charms
94.2%
Froot ______Loops
93.6%
Honey ______ CheeriosNut
93.2%
______ KSpecial
93.2%
______ JacksApple
90.2%
Cinnamon ______ CrunchToast
87.7%
______ ChoculaCount
87.6%
Honey ______ of OatsBunches
85.4%
Fruity ______Pebbles
78.7%
Cereal Missing Word % Correct
Cookie ______Crisp
75.2%
______ GrahamsGolden
66.9%
______ PopsCorn
65.8%
Apple ______ CheeriosCinnamon
57.9%
Reese's ______Puffs
57.5%
All-______Bran
56.2%
Alpha-______Bits
52.7%
Rice Krispies ______ CerealTreats
45.5%
______ Berry KixBerry
20.7%
______ 19Product
14.4%

Today's Daily Dose

Missing Word
'T' Pairs

Word Ladder
Game Pieces

Get the Picture
Baseball Movies

Remove Ads.
Support Sporcle.
Get the best of Sporcle when you Go Orange. This ad-free experience offers more features, more stats, and more fun while also helping to support Sporcle. Thank you for becoming a member.

You're not logged in!

Compare scores with friends on all Sporcle quizzes.
OR
Log In

Show Comments

Extras

Top Quizzes Today


Score Distribution

Your Account Isn't Verified!

In order to create a playlist on Sporcle, you need to verify the email address you used during registration. Go to your Sporcle Settings to finish the process.

Report this User

Report this user for behavior that violates our Community Guidelines.

Details: